Transhumant grazing systems in temperate Asia

Đã lưu trong:
Bibliografiske detaljer
Hovedforfatter: J. M. Suttie
Format: Bog
Sprog:Undetermined
Udgivet: Rome, Italy FAO 2003
Fag:
Tags: Tilføj Tag
Ingen Tags, Vær først til at tagge denne postø!
Thư viện lưu trữ: Trung tâm Học liệu Trường Đại học Cần Thơ
LEADER 00538nam a2200193Ia 4500
001 CTU_59086
008 210402s9999 xx 000 0 und d
082 |a 633.2 
082 |b T772 
100 |a J. M. Suttie 
245 0 |a Transhumant grazing systems in temperate Asia 
245 0 |c Edited by J. M. Suttie and S. G. Reynolds 
260 |a Rome, Italy 
260 |b FAO 
260 |c 2003 
650 |a forage plants,animals 
650 |x feeding and feeds 
904 |i Minh 
980 |a Trung tâm Học liệu Trường Đại học Cần Thơ